The tale of despereaux : (Record no. 9691)

MARC details
000 -LEADER
fixed length control field 01132nam a22002657a 4500
001 - CONTROL NUMBER
control field 9691
003 - CONTROL NUMBER IDENTIFIER
control field FISKH
005 - DATE AND TIME OF LATEST TRANSACTION
control field 20260129151042.0
008 - FIXED-LENGTH DATA ELEMENTS--GENERAL INFORMATION
fixed length control field 260129b cb ||||| |||| 00| 0 eng d
020 ## - INTERNATIONAL STANDARD BOOK NUMBER
International Standard Book Number 9780763640750
040 ## - CATALOGING SOURCE
Original cataloging agency FISKH
Language of cataloging eng
Transcribing agency FISKH
Modifying agency FISKH
050 ## - LIBRARY OF CONGRESS CALL NUMBER
Classification number PZ7 .S62
082 ## - DEWEY DECIMAL CLASSIFICATION NUMBER
Classification number 741.5
100 ## - MAIN ENTRY--PERSONAL NAME
Personal name Smith , Matt
245 ## - TITLE STATEMENT
Title The tale of despereaux :
Remainder of title The graphic novel /
Statement of responsibility, etc. adapted from the major motion picture and illustrated by Matt Smith and David Tilton
250 ## - EDITION STATEMENT
Edition statement First paperback edition 2008
260 ## - PUBLICATION, DISTRIBUTION, ETC.
Place of publication, distribution, etc. Massachsetts :
Name of publisher, distributor, etc. Candlewick Press ,
Date of publication, distribution, etc. 2008 .
300 ## - PHYSICAL DESCRIPTION
Extent 126 pages :
Other physical details illustrations ;
Dimensions 21 cm .
520 ## - SUMMARY, ETC.
Summary, etc. "Despereaux, a mouse, meets and falls in love with a princess, gets banished to the dungeon (from which no mouse has ever returned)!, and is captured by a pack of hungry rats. Despereaux barely escapes with his life, but he honors his quest to act as a knight would - with bravery and courage in the face of danger." <br/>
650 ## - SUBJECT ADDED ENTRY--TOPICAL TERM
Topical term or geographic name entry element Special mouse
Form subdivision Comic
650 ## - SUBJECT ADDED ENTRY--TOPICAL TERM
Topical term or geographic name entry element Soups funny
Form subdivision Comic
700 ## - ADDED ENTRY--PERSONAL NAME
Personal name DiCamillo , Kate
Relator term Illustrator
942 ## - ADDED ENTRY ELEMENTS (KOHA)
Source of classification or shelving scheme Dewey Decimal Classification
Koha item type Books
Suppress in OPAC No
Holdings
Withdrawn status Lost status Source of classification or shelving scheme Damaged status Not for loan Collection Home library Current library Shelving location Date acquired Total Checkouts Full call number Barcode Date last seen Price effective from Koha item type
    Dewey Decimal Classification     Juvenile Fiction Footprints International School Library Network Toul Tom Poung Campus Footprints International School Library Network Toul Tom Poung Campus TTP Comic Books all Levels 01/29/2026   SMI 741.5 PZ7 .S62 2026-0204 01/29/2026 01/29/2026 Books